Implementación de un sistema administrativo integral /

Na minha lista:
Detalhes bibliográficos
Autor principal: Valadez Huízar, Lizardo (autor)
Formato: Tesis Livro
Idioma:espanhol
Assuntos:
Tags: Adicionar Tag
Sem tags, seja o primeiro a adicionar uma tag!

MARC

LEADER 00000nam^a2200000^a^4500
001 000140058
005 20250521000000.0
009 20260310095525.858
037 |a Acervo ITESO - Biblioteca 
041 |a ESP 
090 |a ISC. 291 
100 |a Valadez Huízar, Lizardo  |e (autor) 
245 1 0 |a Implementación de un sistema administrativo integral /  |c L. Valadez Huízar. 
264 |a Guadalajara, México :  |b edición de autor,  |c 2002 
300 |a 33 p. 
336 |a texto  |b txt  |2 rdacontenido 
337 |a sin mediación  |b n  |2 rdamedio 
338 |a volumen  |b nc  |2 rdasoporte 
502 |a ITESO Ensayo de Lic. en Ingeniería en Sistemas Computacionales 
649 |a XX 
650 |a Tecnologías de Comunicación e Información -  |x Administración 
650 |a Nómina 
650 |a Pagos 
650 |a Contabilidad 
650 |a Productividad 
650 |a Automatización 
650 |a Administración del Producto 
650 |a Administración Financiera 
650 |a Sistemas Computacionales -  |x Administración 
650 |a Ingenieros en Informática -  |x Prácticas Profesionales 
650 |a Ingeniería Computacional -  |x Prácticas Profesionales 
650 |a Experiencia Profesional -  |x Informes 
650 |a Ciencias Administrativas 
910 |a Fondo General 
920 |a Impresos - Tesis del ITESO 
930 |a Colección General 
905 |a 104 
901 |a 0500068376  |b IT2  |c TSS  |u 20250521 
902 |a https://opac.biblio.iteso.mx/vufind/Record/000140058